MARC details
| 000 -LEADER |
| fixed length control field |
02257cam a22004697a 4500 |
| 001 - CONTROL NUMBER |
| control field |
15728905 |
| 003 - CONTROL NUMBER IDENTIFIER |
| control field |
OSt |
| 005 - DATE AND TIME OF LATEST TRANSACTION |
| control field |
20230602121725.0 |
| 008 - FIXED-LENGTH DATA ELEMENTS--GENERAL INFORMATION |
| fixed length control field |
090507s2008 qucab 000 0 eng |
| 010 ## - LIBRARY OF CONGRESS CONTROL NUMBER |
| LC control number |
2009366864 |
| 020 ## - INTERNATIONAL STANDARD BOOK NUMBER |
| International Standard Book Number |
9782763787244 |
| 035 ## - SYSTEM CONTROL NUMBER |
| System control number |
(OCoLC)ocn244205576 |
| 040 ## - CATALOGING SOURCE |
| Original cataloging agency |
NLC |
| Language of cataloging |
eng |
| Transcribing agency |
NLC |
| Modifying agency |
EGM |
| -- |
YDXCP |
| -- |
VP@ |
| -- |
CDX |
| -- |
DLC |
| 042 ## - AUTHENTICATION CODE |
| Authentication code |
lccopycat |
| 043 ## - GEOGRAPHIC AREA CODE |
| Geographic area code |
n-cn--- |
| -- |
n-cn-qu |
| 082 04 - DEWEY DECIMAL CLASSIFICATION NUMBER |
| Classification number |
027.071 |
| Item number |
LAC |
| 245 00 - TITLE STATEMENT |
| Title |
Reaching out : |
| Remainder of title |
innovation in Canadian libraries / |
| Statement of responsibility, etc. |
Library and Archives Canada, Bibliothèque et Archives nationales du Québec ; edited by Yvon-André Lacroix ; [translation, Centre des services partagés du Québec]. |
| 246 30 - VARYING FORM OF TITLE |
| Title proper/short title |
Innovation in Canadian libraries |
| 260 ## - PUBLICATION, DISTRIBUTION, ETC. (IMPRINT) |
| Place of publication, distribution, etc. |
[Québec] : |
| Name of publisher, distributor, etc. |
Presses de l'Université Laval, |
| Date of publication, distribution, etc. |
2008. |
| 300 ## - PHYSICAL DESCRIPTION |
| Extent |
125 p. : |
| Other physical details |
col. ill., col. map ; |
| Dimensions |
27 cm. |
| 500 ## - GENERAL NOTE |
| General note |
Issued also in French under title: Rayonner et partager : l'innovation dans les bibliothèques canadiennes. |
| 500 ## - GENERAL NOTE |
| General note |
Published on the occasion of the 74th World Congress of the International Federation of Library Associations and Institutions (IFLA), being held in Quebec City from Aug. 10th to 14th, 2008. Cf P. 11. |
| 550 ## - ISSUING BODY NOTE |
| Issuing body note |
Co-published by: Library and Archives Canada and Bibliothèque et archives nationales du Québec. |
| 650 #0 - SUBJECT ADDED ENTRY--TOPICAL TERM |
| Topical term or geographic name as entry element |
Libraries |
| General subdivision |
Technological innovations |
| Geographic subdivision |
Canada. |
| 650 #0 - SUBJECT ADDED ENTRY--TOPICAL TERM |
| Topical term or geographic name as entry element |
Libraries |
| General subdivision |
Technological innovations |
| Geographic subdivision |
Québec (Province) |
| 650 #0 - SUBJECT ADDED ENTRY--TOPICAL TERM |
| Topical term or geographic name as entry element |
Public services (Libraries) |
| Geographic subdivision |
Canada. |
| 650 #0 - SUBJECT ADDED ENTRY--TOPICAL TERM |
| Topical term or geographic name as entry element |
Library users |
| Geographic subdivision |
Canada. |
| 650 #0 - SUBJECT ADDED ENTRY--TOPICAL TERM |
| Topical term or geographic name as entry element |
Digital libraries |
| Geographic subdivision |
Canada. |
| 650 #0 - SUBJECT ADDED ENTRY--TOPICAL TERM |
| Topical term or geographic name as entry element |
Libraries |
| General subdivision |
Data processing. |
| 650 #6 - SUBJECT ADDED ENTRY--TOPICAL TERM |
| Topical term or geographic name as entry element |
Bibliothèques |
| General subdivision |
Innovations |
| Geographic subdivision |
Canada. |
| 650 #6 - SUBJECT ADDED ENTRY--TOPICAL TERM |
| Topical term or geographic name as entry element |
Bibliothèques |
| General subdivision |
Innovations |
| Geographic subdivision |
Québec (Province) |
| 650 #6 - SUBJECT ADDED ENTRY--TOPICAL TERM |
| Topical term or geographic name as entry element |
Bibliothèques |
| General subdivision |
Services aux utilisateurs |
| Geographic subdivision |
Canada. |
| 650 #6 - SUBJECT ADDED ENTRY--TOPICAL TERM |
| Topical term or geographic name as entry element |
Utilisateurs des bibliothèques |
| Geographic subdivision |
Canada. |
| 650 #6 - SUBJECT ADDED ENTRY--TOPICAL TERM |
| Topical term or geographic name as entry element |
Bibliothèques virtuelles |
| Geographic subdivision |
Canada. |
| 650 #6 - SUBJECT ADDED ENTRY--TOPICAL TERM |
| Topical term or geographic name as entry element |
Bibliothèques |
| General subdivision |
Informatique. |
| 700 1# - ADDED ENTRY--PERSONAL NAME |
| Personal name |
Lacroix, Yvon-André. |
| 710 2# - ADDED ENTRY--CORPORATE NAME |
| Corporate name or jurisdiction name as entry element |
Library and Archives Canada. |
| 710 2# - ADDED ENTRY--CORPORATE NAME |
| Corporate name or jurisdiction name as entry element |
Bibliothèque et Archives nationales du Québec. |
| 906 ## - LOCAL DATA ELEMENT F, LDF (RLIN) |
| a |
7 |
| b |
cbc |
| c |
copycat |
| d |
2 |
| e |
ncip |
| f |
20 |
| g |
y-gencatlg |
| 942 ## - ADDED ENTRY ELEMENTS (KOHA) |
| Source of classification or shelving scheme |
Dewey Decimal Classification |
| Koha item type |
Books |